Statystyki dla 20 największych miast w Europie

Kliknij tutaj aby rozwiązać quiz!

Ogólne statystyki

  • Ten quiz został rozwiązany 28,699 razy
    (24,454 od ostatniego zresetowania)
  • Średni wynik to 14 z 20

Statystyki odpowiedzi

Ludność Miasto % poprawnych
1 802 237Warszawa
99%
2 140 526Paryż
97%
3 748 148Berlin
96%
12 615 279Moskwa
94%
9 126 366Londyn
93%
3 223 334Madryt
93%
2 857 321Rzym
87%
2 950 819Kijów
74%
1 620 343Barcelona
74%
1 308 632Praga
72%
1 899 055Wiedeń
62%
1 749 734Budapeszt
59%
1 456 039Monachium
55%
2 106 144Bukareszt
52%
15 029 231Stambuł
51%
5 383 980Petersburg
51%
1 982 444Mińsk
47%
1 395 274Mediolan
46%
1 930 996Hamburg
39%
1 461 128Charków
13%

Rozkład punktacji

Percentyl według liczby udzielonych odpowiedzi

Procent ludzi z każdym wynikiem

Twoja historia wyników

Nie rozwiązałeś tego quizu od ostatniego zresetowania